[Event "Guernsey Holiday 2012"]
[Site "?"]
[Date "2012.10.25"]
[Round "5"]
[White "Kershaw, Graham J"]
[Black "Beadle, John"]
[Result "1-0"]
[WhiteElo "1696"]
[BlackElo "1688"]
[PlyCount "101"]
[EventDate "2012.10.21"]

1. e4 c6 2. d4 d5 3. exd5 cxd5 4. c4 Nf6 5. Nc3 Bf5 6. Nf3 h6 7. Bf4 e6 8. Nb5
Bb4+ 9. Nd2 Na6 10. c5 O-O 11. a3 Ba5 12. Nd6 Bxd2+ 13. Qxd2 Ne4 14. Nxe4 Bxe4
15. Bxa6 bxa6 16. O-O Qf6 17. Rac1 Rac8 18. Rc3 Bf5 19. Re1 Kh7 20. Be5 Qg5 21.
Qe2 Bg4 22. Qxa6 Qd2 23. Qd3+ Qxd3 24. Rxd3 Bf5 25. Rb3 a6 26. Rb6 Bd3 27. Re3
Bb5 28. Bd6 Rfd8 29. h3 Rd7 30. Rb3 Kg8 31. R3xb5 axb5 32. Rxb5 Rc6 33. Rb8+
Kh7 34. a4 Ra6 35. b3 Kg6 36. Rb5 Kf5 37. a5 Ke4 38. Bf8 f6 39. Rb6 Rxa5 40. c6
Rc7 41. Bc5 e5 42. f3+ Kd3 43. b4 Ra1+ 44. Kf2 Ra2+ 45. Kg3 exd4 46. b5 Rc2 47.
Bd6 Rc8 48. Rb7 Ke2 49. Re7+ Kf1 50. Bb4 d3 51. Re1# 1-0

[Event "Guernsey Holiday 2012"]
[Site "?"]
[Date "2012.10.25"]
[Round "5"]
[White "Hamann, Marcus"]
[Black "Bakkes, Frits"]
[Result "1-0"]
[WhiteElo "1756"]
[BlackElo "1619"]
[PlyCount "137"]
[EventDate "2012.10.21"]

1. e4 c5 2. Nf3 Nc6 3. d4 cxd4 4. Nxd4 e5 5. Nb5 a6 6. Nd6+ Bxd6 7. Qxd6 Qf6 8.
Qd1 Qg6 9. Nc3 Nf6 10. f3 d5 11. Nxd5 Nxd5 12. Qxd5 O-O 13. Qd2 Rd8 14. Bd3 Be6
15. Qg5 Nb4 16. Qxg6 Nxd3+ 17. cxd3 hxg6 18. Ke2 Rac8 19. Bd2 Rc2 20. b3 Rdc8
21. Rhc1 f6 22. Rxc2 Rxc2 23. Kd1 Rc6 24. Rc1 Rxc1+ 25. Kxc1 Kf7 26. f4 exf4
27. Bxf4 Bd7 28. Kd2 Bc6 29. g3 Ke6 30. h4 Ke7 31. Ke3 Kf7 32. a4 Ke7 33. d4
Bd7 34. Kd3 Bh3 35. d5 Bf1+ 36. Kd4 Be2 37. b4 Bd1 38. a5 Ba4 39. Kc5 Bc2 40.
Kb6 Bxe4 41. Kxb7 Bd3 42. Kc7 Bb5 43. g4 Ke8 44. g5 Bc4 45. Kd6 Bb5 46. Bd2 Kf7
47. Kc7 Ke8 48. Bc3 fxg5 49. hxg5 Ke7 50. Bxg7 Ke8 51. Kd6 Kf7 52. Be5 Ba4 53.
Kc5 Ke7 54. Bc3 Kd7 55. Be1 Bb5 56. Kd4 Kd6 57. Bg3+ Ke7 58. d6+ Ke6 59. Kc5
Kd7 60. Kd5 Bd3 61. Ke5 Bf5 62. b5 axb5 63. a6 Kc6 64. a7 Kb7 65. Bf2 b4 66.
Bd4 b3 67. Kf6 Be4 68. Ke7 Bc6 69. d7 1-0

[Event "Guernsey Holiday 2012"]
[Site "?"]
[Date "2012.10.25"]
[Round "5"]
[White "Harnden, Terry"]
[Black "Hoogakker, Peter"]
[Result "0-1"]
[WhiteElo "1535"]
[BlackElo "1730"]
[PlyCount "78"]
[EventDate "2012.10.21"]

1. e4 d6 2. d4 Nf6 3. Nc3 Nbd7 4. Nf3 e5 5. Bc4 Be7 6. O-O h6 7. a3 c6 8. Ba2
Qc7 9. d5 g5 10. g3 Nf8 11. Kh1 Ng6 12. Ng1 g4 13. Bc4 h5 14. Bg5 Nh7 15. Be3
Bg5 16. Qd2 Bxe3 17. Qxe3 c5 18. b3 a6 19. Bd3 h4 20. Nce2 f6 21. c4 {(=)} Ng5
22. f4 gxf3 23. Nxf3 hxg3 24. Nxg3 Qh7 25. Ra2 Nxf3 26. Rxf3 Nf4 27. Bf1 Bg4
28. Rff2 O-O-O 29. Nf5 Bxf5 30. exf5 Qxf5 31. Rf3 Qb1 32. Rd2 Rh3 33. Rxh3
Qxf1+ 34. Qg1 Qxh3 35. Qg3 Qf1+ 36. Qg1 Qf3+ 37. Qg2 Qxg2+ 38. Rxg2 Nxg2 39.
Kxg2 f5 0-1

[Event "Guernsey Holiday 2012"]
[Site "?"]
[Date "2012.10.25"]
[Round "5"]
[White "Jones, Sid A"]
[Black "Savident, David"]
[Result "1/2-1/2"]
[WhiteElo "1448"]
[BlackElo "1701"]
[PlyCount "105"]
[EventDate "2012.10.21"]

1. d4 Nf6 2. c4 d6 3. Nf3 g6 4. Nc3 Bg7 5. e4 Bg4 6. Be2 O-O 7. h3 Bxf3 8. Bxf3
c6 9. O-O Nbd7 10. Be3 Rb8 11. Qd2 c5 12. Rad1 cxd4 13. Bxd4 a6 14. Rfe1 Ne8
15. Bxg7 Nxg7 16. b3 Ne6 17. Nd5 Nc7 18. Qg5 f6 19. Qd2 b5 20. Nxc7 Qxc7 21.
Rc1 b4 22. Bg4 Nc5 23. Qd5+ Kg7 24. h4 Qb7 25. Rcd1 Qxd5 26. Rxd5 h5 27. Bd1
Rb7 28. g4 hxg4 29. Bxg4 Rh8 30. h5 gxh5 31. Bxh5 Ne6 32. Bd1 Rh4 33. Rh5 Rxh5
34. Bxh5 Rb8 35. Re3 Rh8 36. Rg3+ Kf8 37. Bg4 Nd4 38. Kg2 Rh4 39. f4 e5 40.
fxe5 fxe5 41. Bf5 Nxf5 42. exf5 Rd4 43. Kh3 Rd2 44. Re3 Kf7 45. c5 dxc5 46.
Rxe5 Rxa2 47. Rxc5 Ra3 48. Rc6 Rxb3+ 49. Kg4 a5 50. Rc7+ Kf6 51. Rc6+ Kf7 52.
Rc7+ Kf6 53. Rc6+ 1/2-1/2

[Event "Guernsey Holiday 2012"]
[Site "?"]
[Date "2012.10.25"]
[Round "5"]
[White "Borland, Tom"]
[Black "Goman, Colin"]
[Result "0-1"]
[WhiteElo "1695"]
[BlackElo "1584"]
[PlyCount "79"]
[EventDate "2012.10.21"]

1. d4 Nf6 2. Bf4 d6 3. e3 Bf5 4. Bd3 Bg6 5. c4 Bxd3 6. Qxd3 g6 7. h3 Bg7 8. Nf3
O-O 9. Nc3 c6 10. O-O Nbd7 11. Rfd1 Qc8 12. Rac1 Re8 13. e4 e5 14. dxe5 dxe5
15. Be3 Bf8 16. Qb1 Qc7 17. b4 a5 18. a3 axb4 19. axb4 Nb6 20. c5 Nbd7 21. Qb3
Bg7 22. Nd2 Red8 23. Nc4 Ne8 24. Bg5 Bf6 25. Bxf6 Ndxf6 26. Nb6 Rab8 27. Qc4
Rxd1+ 28. Rxd1 Rd8 29. b5 Rxd1+ 30. Nxd1 Qd8 31. Ne3 cxb5 32. Qxb5 Nxe4 33.
Nbd5 Nc7 34. Qxb7 Nxd5 35. Nxd5 Kg7 36. Qc6 Qh4 37. g3 Qxh3 38. Qc7 Qf5 39. f4
exf4 40. Nxf4 $138 0-1

[Event "Guernsey Holiday 2012"]
[Site "?"]
[Date "2012.10.25"]
[Round "5"]
[White "Kaye, Mike"]
[Black "Baart, Edwin"]
[Result "0-1"]
[WhiteElo "1360"]
[BlackElo "1684"]
[PlyCount "82"]
[EventDate "2012.10.21"]

1. d4 Nf6 2. Nf3 g6 3. e3 Bg7 4. Bc4 d5 5. Bb3 Bg4 6. h3 Bf5 7. Nbd2 c6 8. O-O
O-O 9. Nh4 Bc8 10. c3 Nbd7 11. Nhf3 Qc7 12. Re1 e5 13. e4 Nxe4 14. Nxe4 dxe4
15. Rxe4 exd4 16. Nxd4 Nc5 17. Re2 Nxb3 18. Nxb3 b6 19. Qd3 c5 20. Qg3 Qxg3 21.
fxg3 Ba6 22. Re7 Bf6 23. Re4 Bb7 24. Re2 Rad8 25. Bh6 Rfe8 26. Rxe8+ Rxe8 27.
Kf2 Bd8 28. Bf4 f6 29. Rd1 Bc6 30. Nc1 Kf7 31. c4 Be7 32. g4 Rd8 33. Rd2 Rxd2+
34. Bxd2 Bd6 35. b3 Ke6 36. g3 g5 37. Bc3 Be5 38. Bd2 Be4 39. Ne2 Bb1 40. Nc1
Bb2 41. Ne2 Bxa2 0-1

[Event "Guernsey Holiday 2012"]
[Site "?"]
[Date "2012.10.25"]
[Round "5"]
[White "Hunt, Ray"]
[Black "Bateman, Kerry"]
[Result "1/2-1/2"]
[WhiteElo "1632"]
[BlackElo "1676"]
[PlyCount "108"]
[EventDate "2012.10.21"]

1. Nf3 g6 2. d3 Bg7 3. e4 c5 4. Nc3 d6 5. Be2 Nc6 6. O-O e6 7. Nb1 b5 8. c3 Qb6
9. a3 Nge7 10. Be3 O-O 11. Nbd2 Bd7 12. Rc1 h6 13. b4 Rac8 14. Rc2 f5 15. bxc5
dxc5 16. Nb3 Na5 17. Nxa5 Qxa5 18. Qc1 g5 19. Bd2 Qb6 20. h4 g4 21. Nh2 e5 22.
exf5 Bxf5 23. Nxg4 Bxg4 24. Bxg4 Rcd8 25. Be2 Nf5 26. h5 c4 27. d4 exd4 28.
cxd4 Bxd4 29. Bf4 Bg7 30. Bg4 Nd4 31. Be3 Qf6 32. Bxd4 Rxd4 33. Bf3 Qh4 34. Qe3
Rdf4 35. Qe6+ R4f7 36. g3 Qg5 37. Qd5 Kh8 38. Qxg5 hxg5 39. Be4 Rb8 40. Bg6 Rf3
41. a4 a6 42. Kg2 Ra3 43. axb5 axb5 44. Rh1 Bh6 45. Re1 Ra7 46. Re6 Rab7 47.
Be4 Rb6 48. Re7 Bg7 49. Rd2 c3 50. Rdd7 Rg8 51. Bd5 b4 52. Bxg8 Kxg8 53. Rxg7+
Kf8 54. Rgf7+ Kg8 1/2-1/2

[Event "Guernsey Holiday 2012"]
[Site "?"]
[Date "2012.10.25"]
[Round "5"]
[White "Jongerius, Marc"]
[Black "Naldrett, Geoff W"]
[Result "1/2-1/2"]
[WhiteElo "1674"]
[BlackElo "1616"]
[PlyCount "39"]
[EventDate "2012.10.21"]

1. e4 e5 2. Nf3 Nc6 3. Bc4 Bc5 4. c3 d6 5. d4 exd4 6. cxd4 Bb6 7. b4 Nf6 8. Nc3
h6 9. d5 Ne5 10. Nxe5 dxe5 11. O-O O-O 12. Be2 Qd6 13. Qb3 a6 14. b5 Re8 15.
Ba3 Bc5 16. Bxc5 Qxc5 17. Rac1 Qd6 18. Rfe1 Bd7 19. a4 Rec8 20. Red1 1/2-1/2

[Event "Guernsey Holiday 2012"]
[Site "?"]
[Date "2012.10.25"]
[Round "5"]
[White "Ruigrok, Jacques"]
[Black "Dokter, Marike"]
[Result "1/2-1/2"]
[WhiteElo "1666"]
[BlackElo "1568"]
[PlyCount "68"]
[EventDate "2012.10.21"]

1. e4 e5 2. Nf3 Nc6 3. Bc4 Bc5 4. c3 d6 5. d4 exd4 6. cxd4 Bb4+ 7. Nc3 Nf6 8.
Qe2 O-O 9. O-O h6 10. a3 Ba5 11. b4 Bb6 12. Be3 Re8 13. d5 Bxe3 14. Qxe3 Ne5
15. Nxe5 Rxe5 16. f4 Ng4 17. Qg3 Rh5 18. Be2 Qh4 19. Qxh4 Rxh4 20. h3 Nf6 21.
Bd3 Bd7 22. Rae1 Re8 23. e5 dxe5 24. fxe5 Nh5 25. Bb5 c6 26. e6 fxe6 27. dxc6
Bxc6 28. Bxc6 bxc6 29. Rf3 Rf4 30. Rfe3 Kf7 31. Ne4 Rd8 32. Nc5 Rd2 33. Nxe6
Rff2 34. Rf3+ Rxf3 1/2-1/2

[Event "Guernsey Holiday 2012"]
[Site "?"]
[Date "2012.10.25"]
[Round "5"]
[White "Joyeux, Gerard"]
[Black "Kok, Franciscus"]
[Result "0-1"]
[WhiteElo "1601"]
[BlackElo "1565"]
[PlyCount "130"]
[EventDate "2012.10.21"]

1. d4 Nf6 2. Nc3 e6 3. e4 Bb4 4. Bd3 Nc6 5. Nf3 Bxc3+ 6. bxc3 d5 7. Bg5 Ne7 8.
Bxf6 gxf6 9. O-O dxe4 10. Bxe4 f5 11. Bd3 b6 12. Ne5 Bb7 13. Qh5 O-O 14. Rae1
f6 15. Ng4 Qe8 16. Qh4 Qg6 17. f3 h5 18. Ne3 Qg5 19. Qxg5+ fxg5 20. c4 Rad8 21.
c3 c5 22. Nc2 Kf7 23. Re2 Kf6 24. Rfe1 Rd6 25. d5 Bc8 26. Na3 a6 27. Bc2 Ng6
28. g3 exd5 29. cxd5 Rxd5 30. Nc4 b5 31. Nb6 Rd6 32. Nxc8 Rxc8 33. Kf2 Rcd8 34.
Kf1 Rd2 35. Re6+ Kf7 36. Bxf5 Nf8 37. Rxa6 Rxh2 38. Kg1 Rdd2 39. Ra7+ Kf6 40.
Ra6+ Kxf5 41. g4+ hxg4 42. fxg4+ Kxg4 43. Rf6 Nd7 44. Re4+ Kh5 45. Rf7 Rhg2+
46. Kf1 Nb6 47. Rh7+ Kg6 48. Rb7 Na4 49. Ree7 Nxc3 50. Rb6+ Kh5 51. Rh7+ Kg4
52. Re6 Rxa2 53. Rg7 b4 54. Re5 Kf4 55. Rxc5 Rgf2+ 56. Kg1 Ne4 57. Rf7+ Ke3 58.
Rxf2 Rxf2 59. Rb5 Rb2 60. Kf1 g4 61. Kg1 g3 62. Kf1 Nd2+ 63. Kg2 Ne4+ 64. Kh3
Rh2+ 65. Kg4 g2 0-1

[Event "Guernsey Holiday 2012"]
[Site "?"]
[Date "2012.10.25"]
[Round "5"]
[White "Finch, Russell"]
[Black "Van Beek, Ronald"]
[Result "1-0"]
[WhiteElo "1600"]
[BlackElo "1365"]
[PlyCount "87"]
[EventDate "2012.10.21"]

1. d4 Nf6 2. c4 d6 3. Nc3 g6 4. e4 Bg7 5. f3 O-O 6. Be3 e5 7. d5 b6 8. Bd3 Ba6
9. Nge2 Nbd7 10. O-O Qc8 11. b4 c5 12. dxc6 Qxc6 13. b5 Bxb5 14. cxb5 Qc7 15.
Qd2 Rfd8 16. Rfc1 Nc5 17. Bg5 Rd7 18. Bxf6 Bxf6 19. Nd5 Qd8 20. Nxf6+ Qxf6 21.
Nc3 Qd8 22. Bc4 Kg7 23. Bd5 Rb8 24. Bc6 Re7 25. a4 Nb3 26. Qe3 Nxa1 27. Rxa1
Qc7 28. Nd5 Qd8 29. Nxe7 Qxe7 30. a5 Qe6 31. axb6 axb6 32. Ra7 Qc4 33. Bd5 Qc5
34. Qxc5 bxc5 35. Rxf7+ Kh6 36. Rd7 Rb6 37. Bc4 g5 38. Kf2 Kg6 39. g4 Kh6 40.
Ke3 Kg6 41. Kd3 h5 42. h3 h4 43. Kc3 Kf6 44. Kb3 1-0

[Event "Guernsey Holiday 2012"]
[Site "?"]
[Date "2012.10.25"]
[Round "5"]
[White "Brown, Jim"]
[Black "Gunn, Mike"]
[Result "0-1"]
[WhiteElo "1224"]
[BlackElo "1584"]
[PlyCount "55"]
[EventDate "2012.10.21"]

1. Nf3 Nf6 2. d4 d5 3. e3 g6 4. b3 Bg7 5. Bb2 b6 6. Nbd2 Bb7 7. Be2 Nbd7 8. h3
O-O 9. O-O Ne4 10. a3 c5 11. Nxe4 dxe4 12. Ne5 Nxe5 13. dxe5 Qc7 14. Rb1 Rad8
15. Qe1 Bxe5 16. Bxe5 Qxe5 17. Rd1 Rd6 18. Rxd6 exd6 19. Qa1 Qxa1 20. Rxa1 d5
21. f3 f5 22. g3 g5 23. b4 Rc8 24. b5 Rd8 25. Rd1 Kg7 26. a4 Kf6 27. Kf1 Ke5
28. f4+ {The game now continued with the illegal "en passant" move of 28.....
ef3 (?!) and then 29.Bxf3 Rd7 30.c4 d4 31.Bxb7 Rxb7 32.Ke2 Rd7 33.Kf3 d3 34.
Rd2 h5 35.g4 hg4+ 36.hg4 fg4+ 37.Kxg4 Ke4 when White resigned. Presumably
no-one noticed the error !! (AFB).} 0-1

[Event "Guernsey Holiday 2012"]
[Site "?"]
[Date "2012.10.25"]
[Round "5"]
[White "Bennett, David"]
[Black "Wood, Stuart"]
[Result "1/2-1/2"]
[WhiteElo "1400"]
[BlackElo "1456"]
[PlyCount "66"]
[EventDate "2012.10.21"]

1. Nf3 d5 2. d4 e6 3. Bf4 Bd6 4. Bg5 Be7 5. Bxe7 Qxe7 6. Nbd2 Nf6 7. e3 Nbd7 8.
Be2 Ne4 9. O-O f5 10. c4 c6 11. cxd5 exd5 12. Rb1 O-O 13. g3 Ng5 14. Nxg5 Qxg5
15. Nf3 Qe7 16. Bd3 Nf6 17. Qc2 Ne4 18. Ne5 Be6 19. f3 Nd6 20. Rf2 g6 21. f4
Ne4 22. Rg2 Kg7 23. Qd1 c5 24. dxc5 Nxc5 25. Be2 Nd7 26. Nxd7 Qxd7 27. Qd4+ Kg8
28. h4 Rac8 29. Rd1 b6 30. h5 Rc5 31. hxg6 hxg6 32. Rh2 Qg7 33. Qxg7+ Kxg7
1/2-1/2

[Event "Guernsey Holiday 2012"]
[Site "?"]
[Date "2012.10.25"]
[Round "5"]
[White "Gibzinski, Stanislaw"]
[Black "Newrick, William R"]
[Result "1-0"]
[WhiteElo "1237"]
[BlackElo "1440"]
[PlyCount "77"]
[EventDate "2012.10.21"]

1. c4 e6 2. g3 d5 3. Nf3 Nf6 4. Bg2 c5 5. O-O Be7 6. b3 O-O 7. cxd5 exd5 8. d4
Nc6 9. Bb2 Qb6 10. h3 Rd8 11. dxc5 Bxc5 12. Bxf6 gxf6 13. Nbd2 Ne5 14. Rc1 d4
15. Rc2 d3 16. Rxc5 Qxc5 17. e3 Qc2 18. Nd4 Qxd1 19. Rxd1 Rb8 20. f4 Ng4 21.
hxg4 Bxg4 22. N2f3 Rbc8 23. Rxd3 Rc1+ 24. Kf2 Ra1 25. Rd2 Rc1 26. Ne1 b6 27.
Be4 Rc5 28. Bd3 Bf5 29. Nxf5 Rxf5 30. e4 Rc5 31. e5 fxe5 32. Bxh7+ Kxh7 33.
Rxd8 exf4 34. gxf4 Ra5 35. a4 b5 36. Rd5 a6 37. Nc2 bxa4 38. Rxa5 axb3 39. Na3
1-0

[Event "Guernsey Holiday 2012"]
[Site "?"]
[Date "2012.10.25"]
[Round "5"]
[White "Davidson, Laura"]
[Black "Kerr, Matthew"]
[Result "0-1"]
[WhiteElo "912"]
[BlackElo "1300"]
[PlyCount "62"]
[EventDate "2012.10.21"]

1. e4 e5 2. Nf3 Nc6 3. Bc4 h6 4. O-O Nf6 5. c3 Nxe4 6. Re1 Nf6 7. Nxe5 Nxe5 8.
Rxe5+ Be7 9. Qe2 Ng8 10. Qf3 Nf6 11. d4 d6 12. Re2 Bg4 13. Bb5+ c6 14. Bxc6+
bxc6 15. Qxc6+ Nd7 16. Re3 O-O 17. Rg3 Nf6 18. h3 Bd7 19. Qf3 g5 20. Qd3 Nh5
21. Re3 Nf4 22. Qe4 Re8 23. Rg3 d5 24. Qxf4 Kf8 25. Qe5 f6 26. Rf3 Bc6 27. Qf5
Kg7 28. h4 Qd7 29. Qd3 Bb5 30. Qc2 Bd6 31. hxg5 Re1# 0-1

[Event "Guernsey Holiday 2012"]
[Site "?"]
[Date "2012.10.25"]
[Round "5"]
[White "Le Maitre, Richard"]
[Black "Herschmann, Heinz"]
[Result "1-0"]
[WhiteElo "1378"]
[BlackElo "1360"]
[PlyCount "75"]
[EventDate "2012.10.21"]

1. d4 d5 2. c4 dxc4 3. Nc3 Nf6 4. e4 h6 5. Bxc4 e6 6. Nf3 Be7 7. O-O Bd7 8. a3
O-O 9. Re1 a6 10. h3 Nc6 11. e5 Nh7 12. Bf4 Ng5 13. Nxg5 Bxg5 14. Bxg5 Qxg5 15.
Ne4 Qe7 16. Qd3 Na5 17. Ba2 Bb5 18. Qg3 Kh8 19. Rac1 Bc6 20. Nc5 b6 21. Ne4 f5
22. exf6 gxf6 23. b4 Rg8 24. Qe3 Qg7 25. Qg3 f5 26. Qxg7+ Rxg7 27. Ng3 f4 28.
Ne4 Rag8 29. g4 fxg3 30. Nxg3 Bd5 31. Bxd5 exd5 32. bxa5 h5 33. Kh2 h4 34. Rg1
Rf7 35. Nh1 Rc8 36. axb6 c6 37. Rg4 Rh7 38. a4 1-0

[Event "Guernsey Holiday 2012"]
[Site "?"]
[Date "2012.10.26"]
[Round "6"]
[White "Leung, Simon"]
[Black "Perrin, Jonathan"]
[Result "1/2-1/2"]
[WhiteElo "1640"]
[BlackElo "1736"]
[PlyCount "47"]
[EventDate "2012.10.21"]

1. e4 d6 2. d4 Nf6 3. Nc3 e5 4. d5 Be7 5. Nf3 c6 6. Bd3 Qc7 7. O-O Bg4 8. Be2
Nbd7 9. Ne1 Bxe2 10. Qxe2 O-O 11. Nd3 cxd5 12. exd5 Nb6 13. f4 Nbxd5 14. Nxd5
Nxd5 15. fxe5 dxe5 16. Qxe5 Qxe5 17. Nxe5 Bc5+ 18. Kh1 Ne3 19. Bxe3 Bxe3 20.
Rfe1 Bh6 21. Ng4 Bg5 22. Nf2 Rfe8 23. Ne4 Bf4 24. g3 1/2-1/2

[Event "Guernsey Holiday 2012"]
[Site "?"]
[Date "2012.10.26"]
[Round "6"]
[White "Foster, Paul"]
[Black "Van Nijen, Peter"]
[Result "0-1"]
[WhiteElo "1688"]
[BlackElo "1678"]
[PlyCount "46"]
[EventDate "2012.10.21"]

1. e4 e5 2. Nf3 Nc6 3. Bc4 Nf6 4. Ng5 d5 5. exd5 Na5 6. Bb5+ c6 7. dxc6 bxc6 8.
Qf3 Rb8 9. Bd3 Qc7 10. Ne4 Be7 11. Nbc3 Nd5 12. Ng3 O-O 13. O-O Rb4 14. Be4 Nf4
15. d3 f5 16. Bxc6 Qxc6 17. Qxc6 Nxc6 18. a3 Rb7 19. Re1 Bf6 20. Nce2 Nxe2+ 21.
Nxe2 f4 22. Nc3 Nd4 23. Bd2 Nxc2 0-1

[Event "Guernsey Holiday 2012"]
[Site "?"]
[Date "2012.10.26"]
[Round "6"]
[White "Derrick, Neil"]
[Black "Van Hoek, Wim"]
[Result "0-1"]
[WhiteElo "1656"]
[BlackElo "1721"]
[PlyCount "52"]
[EventDate "2012.10.21"]

1. d4 d5 2. c4 e6 3. Nc3 f5 4. Nf3 Nf6 5. e3 c6 6. Be2 Bd6 7. Nd2 O-O 8. O-O
Nbd7 9. c5 Bc7 10. a3 e5 11. b4 Ne4 12. Bb2 Nxd2 13. Qxd2 e4 14. f4 exf3 15.
Bxf3 Nf6 16. Rae1 Ne4 17. Nxe4 fxe4 18. Bd1 Rxf1+ 19. Rxf1 Qh4 20. g3 Qe7 21.
Qf2 {(=)} Bh3 22. Re1 Rf8 23. Qd2 Qg5 24. Qe2 Bxg3 25. hxg3 Qxg3+ 26. Kh1 Rf2
0-1

[Event "Guernsey Holiday 2012"]
[Site "?"]
[Date "2012.10.26"]
[Round "6"]
[White "Gallagher, Daniel"]
[Black "Kershaw, Graham J"]
[Result "1/2-1/2"]
[WhiteElo "1144"]
[BlackElo "1696"]
[PlyCount "63"]
[EventDate "2012.10.21"]

1. e4 e6 2. d4 d5 3. Nc3 Bb4 4. e5 c5 5. a3 cxd4 6. Qxd4 Nc6 7. Bb5 Bxc3+ 8.
Qxc3 Nge7 9. Bg5 Qb6 10. Bd3 d4 11. Qb3 Qxb3 12. cxb3 Nxe5 13. Bb5+ Bd7 14.
Bxd7+ Nxd7 15. Bxe7 Kxe7 16. O-O-O Nc5 17. b4 Ne4 18. Nh3 Rac8+ 19. Kb1 Rhd8
20. f3 Nf6 21. Rd3 Rd6 22. Rhd1 e5 23. f4 Nd7 24. fxe5 Nxe5 25. Rxd4 Rxd4 26.
Rxd4 Rc4 27. Rd5 f6 28. Nf2 Rf4 29. Nd3 Nxd3 30. Rxd3 Rf2 31. Rc3 Kd6 32. Rc2
1/2-1/2

[Event "Guernsey Holiday 2012"]
[Site "?"]
[Date "2012.10.26"]
[Round "6"]
[White "Collins, Alan"]
[Black "Haisma, Henk"]
[Result "1/2-1/2"]
[WhiteElo "1744"]
[BlackElo "1632"]
[PlyCount "38"]
[EventDate "2012.10.21"]

1. d4 d5 2. Nf3 Nf6 3. Bf4 e6 4. e3 c5 5. c3 Nc6 6. h3 Bd6 7. Bxd6 Qxd6 8. Bd3
c4 9. Bc2 b5 10. O-O O-O 11. Re1 Ne4 12. Bxe4 dxe4 13. Nfd2 f5 14. a4 Ba6 15.
axb5 Bxb5 16. Na3 Qd5 17. Nxb5 Qxb5 18. b4 cxb3 19. Qxb3 Qxb3 1/2-1/2

[Event "Guernsey Holiday 2012"]
[Site "?"]
[Date "2012.10.26"]
[Round "6"]
[White "Nalichowski, Bogdan"]
[Black "Hamann, Marcus"]
[Result "0-1"]
[WhiteElo "1611"]
[BlackElo "1756"]
[PlyCount "48"]
[EventDate "2012.10.21"]

1. e4 c5 2. Bc4 Nc6 3. Nf3 e6 4. Nc3 Nf6 5. d3 Be7 6. a3 O-O 7. Be3 d5 8. exd5
exd5 9. Ba2 d4 10. Bxd4 Nxd4 11. O-O Bg4 12. h3 Nxf3+ 13. gxf3 Bxh3 14. Re1 Qd6
15. Qd2 Nh5 16. Ne4 Qg6+ 17. Ng3 Nxg3 18. fxg3 Qxg3+ 19. Kh1 Qxf3+ 20. Kg1 Bf6
21. c3 Rae8 22. Qh2 Bg5 23. Rxe8 Rxe8 24. Qxh3 Qxh3 0-1

[Event "Guernsey Holiday 2012"]
[Site "?"]
[Date "2012.10.26"]
[Round "6"]
[White "Hoogakker, Peter"]
[Black "Vonhoff, Joerg"]
[Result "1-0"]
[WhiteElo "1730"]
[BlackElo "1658"]
[PlyCount "65"]
[EventDate "2012.10.21"]

1. e4 c5 2. Nf3 d6 3. c3 Nf6 4. Be2 g6 5. O-O Bg7 6. Qc2 O-O 7. d4 cxd4 8. cxd4
Nc6 9. Nc3 Bg4 10. Be3 Bxf3 11. Bxf3 Qd7 12. h3 Rfc8 13. Rfd1 Qe8 14. Qd2 Rd8
15. Be2 a6 16. f4 Rac8 17. d5 Nb8 18. Bb6 Rd7 19. Qe3 e6 20. dxe6 fxe6 21. Rd2
Qe7 22. Rad1 d5 23. exd5 exd5 24. Qxe7 Rxe7 25. Bf3 Rce8 26. Nxd5 Re1+ 27. Rxe1
Rxe1+ 28. Kf2 Re6 29. Nxf6+ Rxf6 30. Rd8+ Rf8 31. Bd5+ Kh8 32. Rxf8+ Bxf8 33.
Bd4+ 1-0

[Event "Guernsey Holiday 2012"]
[Site "?"]
[Date "2012.10.26"]
[Round "6"]
[White "Pemberton, Clive"]
[Black "Rowe, Oliver"]
[Result "1-0"]
[WhiteElo "1704"]
[BlackElo "1394"]
[PlyCount "77"]
[EventDate "2012.10.21"]

1. e4 d5 2. exd5 Qxd5 3. Nc3 Qd6 4. Nf3 a6 5. Bc4 Nf6 6. O-O b5 7. Bb3 c5 8. a4
c4 9. Ba2 Nd5 10. axb5 Nxc3 11. bxc3 axb5 12. Nd4 b4 13. Qf3 Qa6 14. Nb5 Kd8
15. Qd5+ Bd7 16. Nd4 e6 17. Qf3 e5 18. Qxf7 exd4 19. Bb2 Be6 20. Qf4 dxc3 21.
dxc3 Bd6 22. Qg5+ Kc8 23. cxb4 h6 24. Qe3 Bxb4 25. Bxc4 Qxc4 26. Rxa8 Bc5 27.
Qe5 Kd7 28. Qxg7+ Kc6 29. Qxh8 Bd5 30. Qe8+ Nd7 31. Qc8+ Kd6 32. Qa6+ Nb6 33.
Qxc4 Nxc4 34. Rd8+ Kc6 35. Bg7 h5 36. Rd1 Be4 37. c3 Nb2 38. Re1 Bg6 39. Re6+
1-0

[Event "Guernsey Holiday 2012"]
[Site "?"]
[Date "2012.10.26"]
[Round "6"]
[White "Baart, Edwin"]
[Black "Goman, Colin"]
[Result "1-0"]
[WhiteElo "1684"]
[BlackElo "1584"]
[PlyCount "29"]
[EventDate "2012.10.21"]

1. d4 d6 2. e4 Nf6 3. Nc3 g6 4. Nf3 Bg7 5. Be3 O-O 6. Qd2 c6 7. O-O-O a5 8. Bh6
b5 9. Bxg7 Kxg7 10. e5 Ne8 11. h4 b4 12. Ne4 Be6 13. h5 dxe5 14. hxg6 fxg6 15.
Qh6+ 1-0

[Event "Guernsey Holiday 2012"]
[Site "?"]
[Date "2012.10.26"]
[Round "6"]
[White "Gibson, John"]
[Black "Jones, Sid A"]
[Result "1-0"]
[WhiteElo "1780"]
[BlackElo "1448"]
[PlyCount "63"]
[EventDate "2012.10.21"]

1. f4 d5 2. Nf3 Nf6 3. e3 Bf5 4. Be2 e6 5. O-O h6 6. d3 c5 7. Ne5 Qc7 8. Nd2
Nc6 9. Ndf3 Nxe5 10. Nxe5 Bd6 11. Nf3 a6 12. Bd2 c4 13. Rc1 b5 14. Qe1 a5 15.
Bc3 Ng4 16. Bd2 Bc5 17. d4 Bb6 18. Ne5 Nxe5 19. fxe5 Bg6 20. c3 Be4 21. Qg3
O-O-O 22. Qf4 Rdf8 23. b3 Qe7 24. bxc4 bxc4 25. Bxc4 g5 26. Ba6+ Kb8 27. Qf2
Ka7 28. Qe2 Qa3 29. Bd3 Bxd3 30. Qxd3 g4 31. Rb1 h5 32. Qb5 1-0

[Event "Guernsey Holiday 2012"]
[Site "?"]
[Date "2012.10.26"]
[Round "6"]
[White "Beadle, John"]
[Black "Hunt, Ray"]
[Result "1/2-1/2"]
[WhiteElo "1688"]
[BlackElo "1632"]
[PlyCount "44"]
[EventDate "2012.10.21"]

1. e4 c5 2. Nf3 e6 3. d4 cxd4 4. Nxd4 a6 5. c4 d6 6. Nc3 Be7 7. Be2 Nf6 8. O-O
O-O 9. h3 Nc6 10. Be3 Nd7 11. f4 Nxd4 12. Bxd4 b6 13. a3 Rb8 14. Bd3 e5 15. Be3
exf4 16. Bxf4 Ne5 17. Nd5 Be6 18. Re1 Bg5 19. Be3 Bxe3+ 20. Rxe3 Qg5 21. Qe1
Bxd5 22. exd5 Rbc8 1/2-1/2

[Event "Guernsey Holiday 2012"]
[Site "?"]
[Date "2012.10.26"]
[Round "6"]
[White "Bateman, Kerry"]
[Black "Dokter, Marike"]
[Result "1-0"]
[WhiteElo "1676"]
[BlackElo "1568"]
[PlyCount "105"]
[EventDate "2012.10.21"]

1. e4 e5 2. Nf3 Nc6 3. Bc4 Bc5 4. b4 Bxb4 5. c3 Bc5 6. d4 exd4 7. cxd4 Bb4+ 8.
Bd2 Bxd2+ 9. Nbxd2 d6 10. O-O Nf6 11. e5 dxe5 12. Re1 O-O 13. dxe5 Nd5 14. Ne4
Be6 15. Neg5 Nf4 16. Qc2 g6 17. Qe4 Bxc4 18. Qxf4 Be6 19. Ne4 Qe7 20. Nf6+ Kg7
21. Qh4 Rh8 22. Rad1 Rad8 23. Rb1 b6 24. Rbc1 Qb4 25. Rxc6 Qxh4 26. Nxh4 Rd2
27. Nf3 Rxa2 28. Ng5 Bb3 29. Rxc7 h6 30. Nge4 Rd8 31. Nd6 Ra5 32. h3 Ra2 33.
Nde8+ Kf8 34. Nd6 Be6 35. Rec1 Re2 36. f4 Ra2 37. Nfe8 Ra4 38. g3 Bxh3 39. Kh2
Be6 40. R1c2 Rxe8 41. Nxe8 Kxe8 42. Rb7 Ra2 43. Rxa2 Bxa2 44. Rxa7 Bc4 45. Kh3
b5 46. Kh4 Be2 47. g4 Bc4 48. f5 h5 49. fxg6 fxg6 50. gxh5 gxh5 51. Kxh5 Be6
52. Kg5 Bd7 53. Kf6 1-0

[Event "Guernsey Holiday 2012"]
[Site "?"]
[Date "2012.10.26"]
[Round "6"]
[White "Naldrett, Geoff W"]
[Black "Finch, Russell"]
[Result "1/2-1/2"]
[WhiteElo "1616"]
[BlackElo "1600"]
[PlyCount "42"]
[EventDate "2012.10.21"]

1. c4 g6 2. Nc3 Bg7 3. g3 d6 4. Bg2 e5 5. d3 f5 6. Nf3 c6 7. Be3 Nf6 8. Qd2 O-O
9. O-O Qc7 10. Rab1 Ng4 11. Bg5 h6 12. h3 hxg5 13. hxg4 fxg4 14. Nxg5 Bh6 15.
f4 gxf3 16. exf3 Qe7 17. f4 Bg4 18. Be4 Kg7 19. Rf2 Nd7 20. Rbf1 Nc5 21. Bg2
Bxg5 1/2-1/2